Tecnología de concreto: materiales, propiedades y diseño de mezclas/Asocreto (Registro nro. 18804)

Detalles MARC
000 -LEADER
fixed length control field 00554nam a22002051a 4500
001 - CONTROL NUMBER
control field 18804
003 - CONTROL NUMBER IDENTIFIER
control field OSt
005 - DATE AND TIME OF LATEST TRANSACTION
control field 20260204212422.0
008 - FIXED-LENGTH DATA ELEMENTS--GENERAL INFORMATION
fixed length control field 180904s2012||||ck ||||||b||||||||||spa||
020 ## - NUMERO DE LIBRO INTERNACIONAL NORMALIZADO
International Standard Book Number 9789588564036
082 ## - DEWEY DECIMAL CLASSIFICATION NUMBER
Classification number 624.153 T255c
110 ## - ASIENTO PRINCIPAL -- NOMBRE CORPORATIVO
Corporate name or jurisdiction name as entry element Asocreto
245 ## - TÍTULO PROPIAMENTE DICHO: SUBTÍTULO
Title Tecnología de concreto: materiales, propiedades y diseño de mezclas/Asocreto
250 ## - MENCIÓN DE EDICIÓN
Edition statement 3
264 ## - PRODUCTION, PUBLICATION, DISTRIBUTION, MANUFACTURE, AND COPYRIGHT NOTICE
Place of production, publication, distribution, manufacture Bogotá:Asocreto
300 ## - PHYSICAL DESCRIPTION
Extensión 228 p.
490 ## - MENCIÓN DE SERIE
Series statement Incluye referencias y glosario
650 ## - ASIENTO SECUNDARIO DE MATERIA -- TERMINO TEMÁTICO
Termino Temático Como Elemento de Entrada Hormigón 2.Materiales de construcciónÌ
942 ## - ADDED ENTRY ELEMENTS (KOHA)
Source of classification or shelving scheme Dewey Decimal Classification
Koha item type Libros
Existencias
Withdrawn status Lost status Source of classification or shelving scheme Damaged status Not for loan Current library Date acquired Total Checkouts Full call number Barcode Date last seen Price effective from Koha item type
    Dewey Decimal Classification     Biblioteca UTECO 09/09/2019   624.153 T255C 018398 09/09/2019 09/09/2019 Libros
    Dewey Decimal Classification     Biblioteca UTECO 09/09/2019   624.153 T255C 018399 09/09/2019 09/09/2019 Libros
© 2021 Derechos Reservados UTECO - Teléfono: +1 809-585-2291 - Correo electrónico: biblioteca@uteco.edu.do​  
Código postal 43000 ​​
Dirección: Avenida Universitaria No. 100, 
Cotuí, Provincia Sánchez Ramírez, República Dominicana - RNC: 404-00059-6